Critics in the audience of the London theatres from Buchingham to sheridan (Record no. 992458)

MARC details
000 -LEADER
fixed length control field 00837nam a2200253Ia 4500
003 - CONTROL NUMBER IDENTIFIER
control field OSt
005 - DATE AND TIME OF LATEST TRANSACTION
control field 20221005084342.0
008 - FIXED-LENGTH DATA ELEMENTS--GENERAL INFORMATION
fixed length control field 221004b |||||||| |||| 00| 0 eng d
037 ## - SOURCE OF ACQUISITION
Terms of availability Textual
040 ## - CATALOGING SOURCE
Original cataloging agency CRL
Transcribing agency CRL
Language of cataloging eng
041 ## - LANGUAGE CODE
Source of code eng
Language code of text/sound track or separate title eng
100 ## - MAIN ENTRY--PERSONAL NAME
Personal name Smith Dane Farnsworth
9 (RLIN) 613231
245 #0 - TITLE STATEMENT
Title Critics in the audience of the London theatres from Buchingham to sheridan
Remainder of title A study of neoclassicism in the playhouse 1671-1779
260 ## - PUBLICATION, DISTRIBUTION, ETC.
Place of publication, distribution, etc. New Mexico
Name of publisher, distributor, etc. University Of New Mexico Press USA
Date of publication, distribution, etc. 1953
300 ## - PHYSICAL DESCRIPTION
Extent 192p
Dimensions cm.
490 ## - SERIES STATEMENT
Series statement University of new Mexico publication in language and literature 12
650 ## - SUBJECT ADDED ENTRY--TOPICAL TERM
Topical term or geographic name entry element ARTS
942 ## - ADDED ENTRY ELEMENTS (KOHA)
Classification part N91.3vL8, J3
Koha item type Textual
Source of classification or shelving scheme
Holdings
Withdrawn status Lost status Damaged status Not for loan Home library Current library Date acquired Total Checkouts Full call number Barcode Date last seen Price effective from Koha item type
        Central Library Central Library 2022-10-05   N91.3vL8 J3 CL0087874 2022-10-05 2022-10-05 Textual
Copyright @ Delhi University Library System